Hodnotenie ekonomicko-štatistických ukazovateľov kvality s využitím modelu PAF
Analýza ekonomicko-štatistických ukazovateľov kvality s využitím členenia nákladov na kvalitu podľa modelu PAF (Prevention Appraisal Failure). Hodnotenie nákladov na kvalitu. Činnosti pri odhaľovaní nekvality. Ekonomika kvality v systéme manažérstva.
Salvato in:
| Autore principale: | |
|---|---|
| Natura: | Capitolo di libro |
| Lingua: | slovacco |
| Soggetti: | |
| Tags: |
Nessun Tag, puoi essere il primo ad aggiungerne!!
|
MARC
| LEADER | 00000naa$a2200000$$$4500 | ||
|---|---|---|---|
| 001 | 0117052 | ||
| 005 | 20231012070356.3 | ||
| 041 | 0 | |a slo | |
| 044 | |a SK | ||
| 245 | 1 | 0 | |a Hodnotenie ekonomicko-štatistických ukazovateľov kvality s využitím modelu PAF |c Katarína Teplická |
| 520 | |a Analýza ekonomicko-štatistických ukazovateľov kvality s využitím členenia nákladov na kvalitu podľa modelu PAF (Prevention Appraisal Failure). Hodnotenie nákladov na kvalitu. Činnosti pri odhaľovaní nekvality. Ekonomika kvality v systéme manažérstva. | ||
| 610 | 2 | 0 | |a kvalita |
| 610 | 2 | 0 | |a riadenie kvality |
| 610 | 2 | 0 | |a systém riadenia kvality |
| 610 | 2 | 0 | |a náklady na kvalitu |
| 610 | 2 | 0 | |a kvalita výrobkov |
| 610 | 2 | 0 | |a efektívnosť ekonomická |
| 610 | 2 | 0 | |a ukazovatele ekonomické |
| 610 | 2 | 0 | |a ukazovatele štatistické |
| 100 | 1 | |a Teplická, Katarína | |